| 000 | 00363nam a2200157Ia 4500 | ||
|---|---|---|---|
| 003 | OSt | ||
| 005 | 20240208102836.0 | ||
| 008 | 170524s9999 xx 000 0 und d | ||
| 020 | _a978-0072463521 | ||
| 040 | _cIIMT UNIVERSITY | ||
| 100 | _aLEON A DBERTO | ||
| 100 | _c2012 | ||
| 245 | 0 | _aCOMMUNICATION NETWORKS | |
| 260 | _aTATA MC GRAW HILL | ||
| 942 |
_2ddc _c01 |
||
| 999 |
_c2681 _d2681 |
||